| 000 | 01113nam a2200217 i 4500 | ||
|---|---|---|---|
| 001 | 125736 | ||
| 003 | ES-MaACL | ||
| 005 | 20230906192706.0 | ||
| 007 | t| | ||
| 008 | 070214m19461967sp l |||| | spa d | ||
| 245 | 0 | 0 |
_aRégimen local / _cAbella ; por la redacción de El consultor de los Ayuntamientos. |
| 250 | _a1ª ed. | ||
| 260 |
_aMadrid : _b[s. n.], _c1946-67 ( _fTip. Florez) |
||
| 300 |
_a8 v. ; _c21 cm. |
||
| 505 | 8 |
_aContiene: I ; _tLey de bases - II ; _tHaciendas locales - III ; _tReglamento de contratación de las corporaciones locales - IV ; _tReglamento de sanitarios locales - V ; _tReglamento de organización, funcionamiento y régimen jurídico de las corporaciones locales - VI ; _tReglamento de bienes de las entidades locales - VII ; _tReglamento de servicios de las corporaciones locales - VIII ; _tReglamento de haciendas locales |
|
| 650 | 0 | 4 |
_aAdministración local- _zEspaña- _vLegislación. _99635 |
| 700 | 1 |
_aAbella y Fuertes, Joaquín, _918056 |
|
| 710 | 2 |
_aEl Consultor de los Ayuntamientos y de los Juzgados. _93454 |
|
| 852 |
_aES-MaACL _jP-425 |
||
| 999 |
_c125736 _d125736 |
||